LEADER 01444nam a2200289 i 4500 001 000000241412 003 CaOOAMICUS 005 20221125122749.0 008 150430s1627 it u000 u lat u 013 $a220317 026 $ao,ti s-ta t,os Exct (3) 1731 (R) 040 $aSeMil$bita 100 1 $aFerrari, Francesco Bernardino,$d<1577-1669>.$0(OLS)http://semarc/name/56040 245 10$aBernardini Ferrarii Mediolanensis Theologi De ritu sacrarum ecclesiae veteris concionum cum praefatione Joannis Georgii Graevii. 260 $aMediolani :$bex Ambrosiani Collegij Typographia,$c1627. 300 $aXVIII, 404, [28] p. ;$c12°. 500 $aFront. stampato in rosso e nero 500 $aSegn.: *8 2*2(-2*2) A-2D8 500 $aVignetta sul front. e testatina calcogr. sottoscritte: MP. S. 650 4$aChiesa - Liturgia.$0(OLS)http://semarc/subject/9365 700 1 $aGraevius, Johann Georg,$d<1632-1703>.$0(OLS)http://semarc/name/11700 700 1 $aVallarsi, Jacopo,$c.$0(OLS)http://semarc/name/11096 850 $aSeMil 852 $aSeMil$W1$xVenegono$y1$m3F I 97 FA$j191758$B191758$CSeMilBibl$Z2$F202565 $8I 996 $6245$aBernardini Ferrarii Mediolanensis Theologi De ritu sacrarum ecclesiae veteris concionum cum praefatione Joannis Georgii Graevii$9(OLS)http://semarc/title/343122 996 $6260$aMediolani :$bex Ambrosiani Collegij Typographia$9(OLS)http://semarc/publisher/52784 LEADER 01073nam a2200265 i 4500 001 000000177215 003 CaOOAMICUS 005 20090320000000.0 008 090320s2008 it u000 u ita u 013 $a154724 020 $a978-88-343-1564-4 040 $aSeMil$bita 100 1 $aMonk, Ray.$0(OLS)http://semarc/name/24407 240 10$aHow to read Wittgenstein.$0(OLS)http://semarc/title/254499 245 10$aLeggere Wittgenstein /$cRay Monk ; [trad. di Gianni Rigamonti]. 260 $aMilano :$bVita e Pensiero,$c2008. 300 $a108 p. ;$c21 cm. 600 14$aWittgenstein, Ludwig.$0(OLS)http://semarc/subject/6402 700 1 $aRigamonti, Gianni,$d<1940- >.$0(OLS)http://semarc/name/19187 850 $aSeMil 852 $aSeMil$W1$xVenegono$y1$m2P III 685$j128027$B128027$CSeMilBibl$Z2$F140674 $81 961 $aAcquisto: DEA 996 $6020$a978-88-343-1564-4$9(OLS)http://semarc/number/165976 996 $6245$aLeggere Wittgenstein$9(OLS)http://semarc/title/254498 996 $6260$aMilano :$bVita e Pensiero$9(OLS)http://semarc/publisher/29642